Modernity, globalization and identity: towards a reflexive quest (Record no. 404932)

000 -LEADER
fixed length control field 00438cam a22001457a 4500
008 - FIXED-LENGTH DATA ELEMENTS--GENERAL INFORMATION
fixed length control field 180718b2006 xxu||||| |||| 00| 0 eng d
020 ## - INTERNATIONAL STANDARD BOOK NUMBER
International Standard Book Number 8187879610
082 ## - DEWEY DECIMAL CLASSIFICATION NUMBER
Classification number T39 P273
100 ## - MAIN ENTRY--PERSONAL NAME
Personal name Pathak, Avijit
245 ## - TITLE STATEMENT
Title Modernity, globalization and identity: towards a reflexive quest
Statement of responsibility, etc. by Avijit Pathak
260 ## - PUBLICATION, DISTRIBUTION, ETC.
Place of publication, distribution, etc. Delhi
Name of publisher, distributor, etc. Aakar Books
Date of publication, distribution, etc. 2006
300 ## - PHYSICAL DESCRIPTION
Extent 175p.
650 ## - SUBJECT ADDED ENTRY--TOPICAL TERM
Topical term or geographic name entry element Economic development - Social aspects
650 ## - SUBJECT ADDED ENTRY--TOPICAL TERM
Topical term or geographic name entry element Globalization
Holdings
Withdrawn status Lost status Damaged status Not for loan Permanent Location Current Location Date acquired Full call number Barcode Date last seen Price effective from Koha item type
        Indian Institute of Public Administration Indian Institute of Public Administration 2005-12-27 T39 P273 80815 2018-07-21 2018-07-21 Book

Powered by Koha